Pensées / (Record no. 170845)

MARC details
000 -LEADER
campo de control de longitud fija 01195nam a2200313 4500
001 - NÚMERO DE CONTROL
campo de control 170845
003 - IDENTIFICADOR DE NÚMERO DE CONTROL
campo de control ES-MaACL
005 - FECHA Y HORA DE LA ÚLTIMA TRANSACCIÓN
campo de control 20250716063334.0
007 - CAMPO FIJO DE DESCRIPCIÓN FÍSICA--INFORMACIÓN GENERAL
campo de control de longitud fija t|
008 - DATOS DE LONGITUD FIJA--INFORMACIÓN GENERAL
campo de control de longitud fija 090408s1958 fr r ||||1| fre d
080 ## - NÚMERO DE LA CLASIFICACIÓN DECIMAL UNIVERSAL
Número de la Clasificación Decimal Universal 239"16"
080 ## - NÚMERO DE LA CLASIFICACIÓN DECIMAL UNIVERSAL
Número de la Clasificación Decimal Universal 821.133.1-97"16"
100 1# - ENTRADA PRINCIPAL--NOMBRE DE PERSONA
Nombre de persona Pascal, Blaise,
Fechas asociadas al nombre 1623-1662
9 (RLIN) 89307
245 10 - MENCIÓN DEL TÍTULO
Título Pensées /
Mención de responsabilidad, etc. Pascal ; texte de l'édition Brunschvicg ; [édition precédé de la Vie de Pascal, par Mme Périer, sa soeur] ; introduction et notes par Ch.-Marc des Granges.
246 15 - FORMA VARIANTE DEL TITULO
Título propio/Titulo breve Pensées de Pascal
260 ## - PUBLICACIÓN, DISTRIBUCIÓN, ETC.
Lugar de publicación, distribución, etc. Paris :
Nombre del editor, distribuidor, etc. Garnier Frères,
Fecha de publicación, distribución, etc. 1958.
300 ## - DESCRIPCIÓN FÍSICA
Extensión [8] p. de lám., X, 342 p. ;
Dimensiones 19 cm.
490 1# - MENCIÓN DE SERIE
Mención de serie Classiques Garnier
500 ## - NOTA GENERAL
Nota general Descripción basada en la cub.
599 ## - NOTA A LAS ILUSTRACIONES
NOTA A LAS ILUSTRACIONES Lám.: retr. de Pascal, plan., facs.
600 14 - PUNTO DE ACCESO ADICIONAL DE MATERIA--NOMBRE DE PERSONA
Nombre de persona Pascal, Blaise,
Fechas asociadas al nombre 1623-1662
9 (RLIN) 89307
650 04 - PUNTO DE ACCESO ADICIONAL DE MATERIA--TÉRMINO DE MATERIA
Término de materia o nombre geográfico como elemento de entrada Apologética-
Subdivisión de forma Obras anteriores a 1800.
9 (RLIN) 9922
700 1# - ENTRADA AGREGADA--NOMBRE PERSONAL
Nombre de persona Brunschvicg, Léon,
Fechas asociadas al nombre 1853-1904
9 (RLIN) 32207
700 0# - ENTRADA AGREGADA--NOMBRE PERSONAL
Nombre de persona Des Granges, Charles-Marc.
9 (RLIN) 43812
700 1# - ENTRADA AGREGADA--NOMBRE PERSONAL
Nombre de persona Périer, Marguerite.
9 (RLIN) 139764
830 0# - PUNTO DE ACCESO ADICIONAL DE SERIE-TÍTULO UNIFORME
Título uniforme Classiques Garnier
9 (RLIN) 184859
852 1# - LOCALIZACIÓN
Ubicación BA
Número de control de estantería E-12559
itemnumber R.140141
Nota libre . - Biblioteca Jacinto Martínez Lacalle
Holdings
Estatus retirado Estado de pérdida Estado de daño No para préstamo Biblioteca de origen Biblioteca actual Ubicación en estantería Fecha de adquisición Fuente de adquisición Total de préstamos Signatura topográfica completa Código de barras Visto por última vez Precio de reemplazo Tipo de ítem Koha
        Biblioteca del Ateneo de Madrid Biblioteca del Ateneo de Madrid Depósito 2 08/04/2009     E-12559 1179301 23/02/2023 23/02/2023 Libro impreso